Oligopol a technický pokrok

Salvato in:
Dettagli Bibliografici
Autore principale: Labini, Paolo Sylos
Natura: Libro
Lingua:ceco
Pubblicazione: Praha Nakladatelství Svoboda 1967
Serie:Ekonomie a společnost
Soggetti:
Tags: Aggiungi Tag
Nessun Tag, puoi essere il primo ad aggiungerne!!

MARC

LEADER 00000nam a2200000 4500
001 c117188
005 20260313125554.6
041 0 |a cze 
044 |a CZ 
245 1 0 |a Oligopol a technický pokrok  |c Paolo Sylos Labini ; [preklad: Lumír Smetana] 
264 1 |a Praha  |b Nakladatelství Svoboda  |c 1967 
300 |a 236 s. 
490 1 |a Ekonomie a společnost 
830 0 |a Ekonomie a společnost 
610 2 0 |a oligopoly 
610 2 0 |a pokrok technický 
100 1 |a Labini, Paolo Sylos